Pristúpenie Slovenskej republiky k Ministerskej deklarácii o obchode s produktmi informačných technológií

Členské krajiny WTO vypracovali na Ministerskej konferencii Svetovej obchodnej organizácie v Singapure v r. 1996 Ministerskú deklaráciu o obchode s produktmi informačných technológií (ITA). Pristúpenie Slovenska k Deklarácii. Listina ITA Slovenskej republiky predstavuje záväzok znižovania cla od 1.1...

Full description

Saved in:
Bibliographic Details
Format: Book Chapter
Language:Slovak
Subjects:
Tags: Add Tag
No Tags, Be the first to tag this record!

MARC

LEADER 00000naa a2200000 4500
001 r030944
005 20230926072119.0
041 0 |a slo 
044 |a SK 
245 1 0 |a Pristúpenie Slovenskej republiky k Ministerskej deklarácii o obchode s produktmi informačných technológií 
520 |a Členské krajiny WTO vypracovali na Ministerskej konferencii Svetovej obchodnej organizácie v Singapure v r. 1996 Ministerskú deklaráciu o obchode s produktmi informačných technológií (ITA). Pristúpenie Slovenska k Deklarácii. Listina ITA Slovenskej republiky predstavuje záväzok znižovania cla od 1.1.1998 pre všetky predmetné výrobky. Výhody pristúpenia k Deklarácii. 
610 2 0 |a obchod medzinárodný 
610 2 0 |a Svetová obchodná organizácia 
610 2 0 |a 1996 
610 2 0 |a Singapur 
610 2 0 |a technológie informačné 
610 2 0 |a dohody obchodné medzinárodné 
610 2 0 |a deklarácia 
610 2 0 |a ITA 
610 2 0 |a Slovensko